Registre AŠIS metodické zásady

Guardado en:
Detalles Bibliográficos
Formato: Libro
Lenguaje:eslovaco
Publicado: Bratislava Výskumné výpočtové stredisko 1983
Colección:Výskumné práce č. 248
Etiquetas: Agregar Etiqueta
Sin Etiquetas, Sea el primero en etiquetar este registro!

MARC

LEADER 00000nam a2200000 4500
001 c116136
005 20041019155203.8
041 0 |a slo 
044 |a SK 
245 1 0 |a Registre AŠIS  |b metodické zásady 
264 1 |a Bratislava  |b Výskumné výpočtové stredisko  |c 1983 
300 |a 95 s. 
490 1 |a Výskumné práce  |v č. 248 
830 0 |a Výskumné práce  |v č. 248